<?xml version="1.0" encoding="UTF-8"?>
<record
    xmlns:xsi="http://www.w3.org/2001/XMLSchema-instance"
    xsi:schemaLocation="http://www.loc.gov/MARC21/slim http://www.loc.gov/standards/marcxml/schema/MARC21slim.xsd"
    xmlns="http://www.loc.gov/MARC21/slim">

  <leader>02180nam a22002057a 4500</leader>
  <controlfield tag="003">OSt</controlfield>
  <controlfield tag="005">20250204083007.0</controlfield>
  <controlfield tag="007">ta</controlfield>
  <controlfield tag="008">250117b2025    dr  |  | |||| 001 edspa d</controlfield>
  <datafield tag="020" ind1=" " ind2=" ">
    <subfield code="a">978-0-244-05824-1</subfield>
  </datafield>
  <datafield tag="040" ind1=" " ind2=" ">
    <subfield code="a">SCDD</subfield>
    <subfield code="c">DO</subfield>
    <subfield code="e">rda</subfield>
    <subfield code="b">Spa</subfield>
  </datafield>
  <datafield tag="082" ind1=" " ind2=" ">
    <subfield code="a">120/S232e</subfield>
    <subfield code="2">21</subfield>
  </datafield>
  <datafield tag="100" ind1=" " ind2=" ">
    <subfield code="a">Santana Soriano, Edwin </subfield>
  </datafield>
  <datafield tag="245" ind1=" " ind2=" ">
    <subfield code="a">Ensayos Filos&#xF3;ficos</subfield>
    <subfield code="b">Reflexiones Epistemol&#xF3;gicas, Ontol&#xF3;gicas y &#xC9;ticas/</subfield>
    <subfield code="c">Santana Soriano, Edwin</subfield>
  </datafield>
  <datafield tag="260" ind1=" " ind2=" ">
    <subfield code="a">Santo Domingo:</subfield>
    <subfield code="b">Lul&#xFA;</subfield>
    <subfield code="c">2017</subfield>
  </datafield>
  <datafield tag="300" ind1=" " ind2=" ">
    <subfield code="a">187p</subfield>
  </datafield>
  <datafield tag="505" ind1=" " ind2=" ">
    <subfield code="a">PRESENTACI&#xD3;N - Primera parte FILOSOF&#xCD;A DE LA CIENCIA: - LA DISCUSI&#xD3;N EN TORNO A LAS CIENCIAS NATURALES---POSICION DEL POSITIVISMO L&#xD3;GICO: LA SUPERACI&#xD3;N DE LA METAF&#xCD;SICA DE CARNAP Y EL TRACTATUS DE WITTGENSTEIN--EL VIRAJE DE LA FILOSOF&#xCD;A DE MORITZ SCHLICK.---EL "PROGRAMA FUERTE" EN SOCIOLOG&#xCD;A DE LA CIENCIA Y SUS CR&#xCD;TICOS. --LA FILOSOF&#xCD;A DE LA CIENCIA DE LARRY LAUDAN.--LA CIENCIA VISTA DESDE LAS HUMANIDADES--LA VISI&#xD3;N P&#xDA;BLICA DE LA CIENCIA.--LA POSVERDAD Y SUS EFECTOS SOBRE LA CIENCIA--KUHN vs POPPER: IDEAS ENCONTRADAS---FILOSOF&#xCD;A DE LA CIENCIA: LA DISCUSI&#xD3;N EN TORNO A LAS CIENCIAS SOCIALES.---LA FRONTERA ENTRE LAS CIENCIAS NATURALES Y LAS HUMANAS--LA EXPLICACI&#xD3;N EN LAS CIENCIAS SOCIALES-- BUSCAR LA FILOSOFIA EN LAS CIENCIAS SOCIALES" SEG&#xDA;N MARIO BUNGE.-- KARL POPPER Y EL HISTORICISMO-- Segunda parte: FILOSOFIA CONTEMPOR&#xC1;NEA Y ACTUAL.-- LA EDAD CONTEMPOR&#xC1;NEA-- LA CRISIS DE LA TRADICION EN LA FILOSOF&#xCD;A CONTEMPOR&#xC1;NEA Y ACTUAL.-- Tercera parte: FILOSOF&#xCD;A DE LA TECNOLOG&#xCD;A-- &#xBF;QU&#xC9; ES LA TECNOLOG&#xCD;A? UNA RESPUESTA DESDE LA FILOSOF&#xCD;A-- ATENTADOS CON VEH&#xCD;CULOS Y FILOSOF&#xCD;A. --- LA TECNOLOG&#xCD;A Y SUS IMPLICACIONES &#xC9;TICAS, ONTOL&#xD3;GICAS Y EPISTEMOL&#xD3;GICAS-- TECNOLOG&#xCD;A Y CONTROL SOCIAL SEG&#xDA;N HERBERT MARCUSE EN EL HOMBRE UNIDIMENSIONAL-- PROGRESO TECNOL&#xD3;GICO Y PROGRESO SOCIAL.-- Cuarta parte: VARIOS-- LA INFLUENCIA DE LA ILUSTRACI&#xD3;N EN LOS PROCESOS REVOLUCIONARIOS INDEPENDENTISTAS DE LA AM&#xC9;RICA DEL SIGLO XXIV-- ANTONIO GRAMSCI Y LA FILOSOF&#xCD;A MARXISTA-- Bibliograf&#xED;a</subfield>
  </datafield>
  <datafield tag="650" ind1=" " ind2=" ">
    <subfield code="a">Filosof&#xED;a  Reflexiones  2. Ensayos, conferencias, 3- Epistemolog&#xED;a, causalidad, 4- G&#xE9;nero humano 5- Ontolog&#xED;a 6- &#xC9;tica </subfield>
  </datafield>
  <datafield tag="942" ind1=" " ind2=" ">
    <subfield code="2">ddc</subfield>
    <subfield code="c">LIB</subfield>
    <subfield code="n">0</subfield>
  </datafield>
  <datafield tag="999" ind1=" " ind2=" ">
    <subfield code="c">12482</subfield>
    <subfield code="d">12482</subfield>
  </datafield>
</record>
